Innovaciones en administración educacional en América Latina

Saved in:
Bibliografiske detaljer
Hovedforfatter: Jiménez E., Jorge (Author)
Format: Bog
Sprog:spansk
Udgivet: Concepción Universidad de Concepción 1986
Fag:
Tags: Tilføj Tag
Ingen Tags, Vær først til at tagge denne postø!

MARC

LEADER 00000nam a2200000 a 4500
001 UCS6664
003 CL-VaPUC
005 20240917113310.0
008 970926e19860000cl 1 spa d
082 0 4 |a 371.2  |b JIM  |2 21 
100 |a Jiménez E., Jorge  |e author  |9 620401 
245 1 0 |a Innovaciones en administración educacional en América Latina 
260 |a Concepción  |b Universidad de Concepción  |c 1986 
300 |a 103 p 
583 |a last modification  |c 20170427 10:52:01  |k Rodrigo Vera 
650 0 0 |a Administración de la enseñanza   |9 261034 
650 0 0 |a Gestión educacional   |9 261035 
650 0 0 |a Sistemas educacionales  |9 324695 
650 0 0 |a Innovaciones pedagógicas  |9 307471 
942 |c BK 
945 |a rleighto  |d 19970926 00:00:00 
546 |a En Español 
518 |p Encuentro Latinoamericano de Especialistas en Educación, Concepción, 25-29 de Noviembre 1985 
999 |c 382999  |d 382997 
952 |0 0  |1 0  |4 0  |6 371_200000000000000_JIM_1986  |7 0  |8 P  |9 504972  |a BIBEDU  |b BIBEDU  |c BIBEDU_PB  |d 2020-01-23  |i 3331156  |o 371.2 JIM 1986  |p 3331156  |r 2024-01-25  |w 2020-01-23  |y BK  |k EDU